000 00465nam a2200169Ia 4500
008 230917s9999||||xx |||||||||||||| ||und||
020 _cRS950
040 _e231922
_aMAIN
041 _aEnglish
082 _a338.4791 S41B
100 _aSujata Devi
245 0 _aBharatiya paryatan: Aarthik evam samajik sarokar
260 _aNew Delhi
_bKnowledge Book
_c2015
300 _avi, 208 p.
500 _a2282 10/02/2016 HBD15/1610 11/02/2016 IHTM (SFS)
942 _cBK
999 _c18140
_d18140